[Event "Troll Masters"]
[Site "Gausdal"]
[Date "2003.01.12"]
[Round "7"]
[White "Nygren, Kim"]
[Black "Carlsen, Magnus"]
[Result "0-1"]
[WhiteElo "2202"]
[BlackElo "2279"]
[PlyCount "102"]
[EventDate "2003.01.07"]
[EventType "swiss"]
[EventRounds "10"]
[EventCountry "NOR"]
[SourceTitle "CBM 092 Extra"]
[Source "ChessBase"]
[SourceDate "2003.03.07"]
[SourceVersion "1"]
[SourceVersionDate "2003.03.07"]
[SourceQuality "1"]

1. e4 c5 2. Nf3 e6 3. d4 cxd4 4. Nxd4 a6 5. Nc3 b5 6. g3 Bb7 7. Bg2 Nc6 8. O-O Nxd4 9. Qxd4 Ne7 10. Bf4 ({RR} 10. Re1 Nc6 11. Qd1 d6 12. a4 b4 13. Nd5 exd5 14. exd5+ Ne5 15. f4 Be7 16. fxe5 dxe5 17. Rxe5 O-O 18. Re1 Bf6 19. a5 Qd7 20. Qd3 Rad8 21. Rd1 Rfe8 22. c4 bxc3 23. bxc3 Qc7 24. Be3 Qxc3 {Safarli,E (2657)-Svidler,P (2727) Berlin 2015 ½-½ (36)}) ({RR} 10. Bg5 f6 11. Be3 Nc6 12. Qd2 Ne5 13. b3 Rc8 14. Ne2 Qc7 15. c3 Ng4 16. a4 Nxe3 17. Qxe3 Bc5 18. Qd3 bxa4 19. Rxa4 O-O 20. Nd4 Qb6 21. b4 Bxd4 22. Qxd4 Qxd4 23. cxd4 Rc4 24. Rd1 Rfc8 {Bodnaruk,A (2334)-Maksimovic,B (2505) chess.com INT 2025 0-1 (57)}) 10... Nc6 11. Qd2 Na5 $146 ({RR} 11... d6 12. Rad1 Ne5 13. a4 bxa4 14. Nxa4 Qc7 15. Qd4 Be7 16. b3 Rd8 17. c4 Bf6 18. Qd2 O-O 19. Be3 Qb8 20. f4 Nc6 21. Bb6 Ba8 22. Kh1 Rd7 23. b4 Be7 24. b5 axb5 25. cxb5 Na7 26. Nc5 {Lach,A (2191)-Alexakis,D (2486) Katowice POL 2022 0-1 (67)}) ({RR} 11... d6 12. a4 b4 13. Na2 e5 14. Be3 a5 15. c3 Ba6 16. Rfc1 Be7 17. cxb4 Nxb4 18. Nxb4 axb4 19. Qxb4 O-O 20. Qd2 Rb8 21. Rc6 Bb7 22. Rb6 Ba8 23. a5 f5 24. exf5 e4 25. b4 Rxf5 26. Bh3 {Urzica,A (2335)-Filipowicz,A (2385) Lublin 1976 1-0}) 12. b3 Rc8 13. Nd5 exd5 14. exd5 Be7 15. d6 Bf6 16. Rae1+ Kf8 17. Re7 Bxg2 18. Kxg2 Nc6 19. Re4 g5 20. Be3 Kg7 21. h4 Re8 22. Rxe8 Qxe8 23. hxg5 Bd8 24. Re1 Qe4+ 25. f3 Qg6 26. Rh1 Ne5 27. c3 Qd3 28. Qxd3 Nxd3 29. Bd4+ Kg8 30. f4 b4 31. c4 Rc6 32. Kf3 Bb6 33. Bxb6 Rxb6 34. Ke3 Nc5 35. Kd4 Nb7 36. Rh6 a5 37. g4 a4 38. bxa4 Ra6 39. Rh2 Rxd6+ 40. Ke5 Ra6 41. Rh6 d6+ 42. Kd5 Rxa4 43. Kc6 Nd8+ 44. Kxd6 Rxa2 45. Ke7 Ne6 46. f5 Ra7+ 47. Ke8 Nc5 48. Rh1 b3 49. Rb1 Rb7 50. Kd8 b2 51. Kc8 Kg7 0-1

[Event "Troll Masters"]
[Site "Gausdal"]
[Date "2003.01.13"]
[Round "8"]
[White "Carlsen, Magnus"]
[Black "Shumiakina, Tatiana"]
[Result "1/2-1/2"]
[WhiteElo "2279"]
[BlackElo "2364"]
[PlyCount "93"]
[EventDate "2003.01.07"]
[EventType "swiss"]
[EventRounds "10"]
[EventCountry "NOR"]
[SourceTitle "CBM 092 Extra"]
[Source "ChessBase"]
[SourceDate "2003.03.07"]
[SourceVersion "1"]
[SourceVersionDate "2003.03.07"]
[SourceQuality "1"]

1. e4 c5 2. Nc3 Nc6 3. g3 g6 4. Bg2 Bg7 5. d3 d6 6. Nge2 e6 7. Be3 Nd4 8. O-O Ne7 9. f4 O-O 10. Qd2 f5 11. Rab1 ({RR} 11. Rae1 Rb8 12. a3 Bd7 13. Nc1 Kh8 14. Nd1 b6 15. b3 Ndc6 16. b4 Qc7 17. b5 Na5 18. c4 d5 19. exd5 exd5 20. Bf2 Qd6 21. Qc2 Rfe8 22. Ne3 Be6 23. Re2 dxc4 24. Nxc4 Nxc4 25. dxc4 Rbd8 {Markovic,V (2300)-Peev,P (2385) Pancevo 1989 0-1 (39)}) ({RR} 11. Nd1 Rb8 12. c3 Nxe2+ 13. Qxe2 b6 14. Qc2 Bb7 15. Nf2 d5 16. Rad1 Qd7 17. Rfe1 Rbc8 18. Bc1 Rfe8 19. Qb1 b5 20. e5 d4 21. c4 Bxg2 22. Kxg2 Rb8 23. b3 Nc6 24. Bd2 a5 25. Qc2 b4 {Manon,R (2164)-Murshed,N (2418) Dhaka 2022 ½-½ (63)}) 11... Rb8 12. b4 Nxe2+ $146 ({RR} 12... Bd7 13. Bf2 b5 14. e5 dxe5 15. bxc5 b4 16. Nd1 Nxe2+ 17. Qxe2 exf4 18. gxf4 Qc7 19. Qd2 Nd5 20. Bxd5 exd5 21. d4 Rfe8 22. Bg3 a5 23. Re1 Bb5 24. c3 bxc3 25. Nxc3 Bc6 26. Qd3 Rb4 27. Rxb4 {Vargas Rodriguez,W (2013)-Hernandez Carmenates,H (2169) San Nicolas de Bari 2009 1-0 (40)}) 13. Nxe2 cxb4 14. Bxa7 Ra8 15. Bd4 Rxa2 16. Bxg7 Kxg7 17. Rxb4 Nc6 18. Rb5 Qf6 19. e5 dxe5 20. Bxc6 bxc6 21. Rxe5 Bd7 22. Rb1 Rfa8 23. Qc3 Kf7 24. Kf2 R2a3 25. Qc5 Qe7 26. Nd4 Qxc5 27. Rxc5 Ke7 28. Nf3 Ra1 29. Rb4 Kd6 30. Rcc4 c5 31. Rb6+ Kc7 32. Rb3 R8a5 33. Rbc3 Kd6 34. Ne5 Be8 35. d4 cxd4 36. Rxd4+ Rd5 37. Rxd5+ exd5 38. Rc8 Bb5 39. Rb8 Kc5 40. Rb7 Rc1 41. Ke3 Re1+ 42. Kf3 Rf1+ 43. Kg2 Rc1 44. Kh3 Bc4 45. Rxh7 Rxc2 46. Rc7+ Kd4 47. Nxc4 1/2-1/2

[Event "Troll Masters"]
[Site "Gausdal"]
[Date "2003.01.15"]
[Round "10"]
[White "Bluvshtein, Mark"]
[Black "Carlsen, Magnus"]
[Result "0-1"]
[WhiteElo "2461"]
[BlackElo "2279"]
[PlyCount "126"]
[EventDate "2003.01.07"]
[EventType "swiss"]
[EventRounds "10"]
[EventCountry "NOR"]
[SourceTitle "CBM 092 Extra"]
[Source "ChessBase"]
[SourceDate "2003.03.07"]
[SourceVersion "1"]
[SourceVersionDate "2003.03.07"]
[SourceQuality "1"]

1. e4 c5 2. Nf3 e6 3. d4 cxd4 4. Nxd4 a6 5. Bd3 Bc5 6. Nb3 Ba7 7. O-O Nc6 8. Qe2 d6 9. Be3 Bxe3 10. Qxe3 Nf6 11. N1d2 ({RR} 11. c4 e5 12. Nc3 Be6 13. Rad1 O-O 14. Be2 Rc8 15. Rd2 Na5 16. Nxa5 Qxa5 17. Rxd6 Bxc4 18. Bxc4 Rxc4 19. f3 Qc7 20. Qb6 Qxb6+ 21. Rxb6 Rb8 22. Rd1 Kf8 23. Kf2 Ke8 24. Ke3 Rc7 25. g3 Rd7 {Grischuk,A (2764)-Vitiugov,N (2712) Loo 2013 ½-½ (68)}) ({RR} 11. Nc3 e5 12. Rad1 Be6 13. Qe2 Qc7 14. Kh1 O-O 15. h3 b5 16. a3 Rac8 17. Nc1 Nd4 18. Qe1 Bc4 19. Bxc4 bxc4 20. Rd2 Qb7 21. N1e2 Nxe2 22. Qxe2 Qxb2 23. Qe3 Qxa3 24. f4 exf4 25. Rxf4 Rfe8 {Soderstrom,A (2318)-Zhukov,M (1835) chess.com INT 2024 0-1 (45)}) 11... O-O 12. f4 Rb8 $146 ({RR} 12... Qc7 13. Qh3 Nb4 14. Qh4 Nxd3 15. cxd3 b5 16. Rf3 Rd8 17. Raf1 Bb7 18. g4 Nd7 19. f5 exf5 20. Rh3 Nf8 21. gxf5 Qb6+ 22. Rf2 f6 23. Rg3 Kh8 24. Kf1 Rd7 25. Rfg2 d5 26. Qh6 Ng6 27. Qe3 {Kinnmark,O-Ivarsson,J Eksjo 1974 1-0}) ({RR} 12... e5 13. Kh1 Qe7 14. Nc4 Rb8 15. Nb6 Be6 16. f5 Bxb3 17. axb3 Nd4 18. Rac1 Qc7 19. Nc4 Rbc8 20. Nd2 Rfe8 21. g4 Qe7 22. Rg1 Kh8 23. c3 Nc6 24. Rcf1 Rg8 25. g5 Nh5 26. g6 fxg6 27. fxg6 {Brod,M (2260)-Pilaj,H (2215) Austria 1998 ½-½}) 13. Rae1 b5 14. e5 Nd5 15. Qh3 g6 16. c4 bxc4 17. Bxc4 dxe5 18. fxe5 Kg7 19. Ne4 Nxe5 20. Bxd5 exd5 21. Qc3 Qb6+ 22. Rf2 dxe4 23. Qxe5+ Kg8 24. Qxe4 Be6 25. Re3 Rfe8 26. Nd4 Rbd8 27. Rd2 f5 28. Qd3 Rd6 29. Kh1 Rc8 30. h3 Bxa2 31. Qa3 Bf7 32. Red3 Rc1+ 33. Kh2 Qb8 34. Rg3 h5 35. h4 Qd8 36. Ne6 Qxh4+ 37. Rh3 Rh1+ 38. Kxh1 Qe1+ 39. Kh2 Qxd2 40. Ng5 h4 41. Rf3 Rb6 42. Qe7 Qd6+ 43. Qxd6 Rxd6 44. Nxf7 Kxf7 45. Rf4 Rb6 46. b4 Ke6 47. Rxh4 Kd5 48. Kg3 g5 49. Rh1 Kc4 50. Rf1 Rf6 51. Rb1 Re6 52. Rf1 Rf6 53. Rb1 Kb5 54. Rb3 Re6 55. Kf2 Re4 56. Rd3 Kxb4 57. Rd5 a5 58. g3 a4 59. Rxf5 a3 60. Kf3 Rc4 61. Ke2 a2 62. Rf1 Kc3 63. Rc1+ Kb3 0-1

[Event "Training match Norway-Holland"]
[Site "Oslo"]
[Date "2003.01.23"]
[Round "?"]
[White "Spoelman, Wouter"]
[Black "Carlsen, Magnus"]
[Result "0-1"]
[WhiteElo "2206"]
[BlackElo "2279"]
[PlyCount "50"]
[EventDate "2003.01.23"]
[EventType "team-match"]
[EventRounds "1"]
[EventCountry "NOR"]
[SourceTitle "EXT 2023"]
[Source "ChessBase"]
[SourceDate "2022.10.05"]
[SourceVersion "1"]
[SourceVersionDate "2022.10.05"]
[SourceQuality "1"]

1. e4 c5 2. Nf3 d6 3. d4 Nf6 4. Nc3 cxd4 5. Nxd4 Nc6 6. Bg5 e6 7. Qd2 Be7 8. O-O-O O-O 9. f3 Nxd4 10. Qxd4 Qa5 11. h4 Bd7 ({RR} 11... e5 12. Qd2 Be6 13. Kb1 Rfc8 14. Nd5 Qxd2 15. Nxe7+ Kf8 16. Rxd2 Kxe7 17. g4 h6 18. Be3 h5 19. g5 Nd7 20. b3 Nf8 21. f4 exf4 22. Bxf4 Rd8 23. Be2 Bg4 24. Bxg4 hxg4 25. Rg2 d5 26. Rxg4 {Kamsky,G (2665)-Lavrik,D (2414) chess.com INT 2023 1-0 (32)}) ({RR} 11... Rd8 12. g4 a6 13. Be3 b5 14. Kb1 b4 15. Ne2 Rb8 16. g5 e5 17. Qd2 Be6 18. Nc1 Nh5 19. Bh3 d5 20. Bxe6 fxe6 21. Qh2 d4 22. Bd2 Qc7 23. Nd3 Bd6 24. Qh3 Qe7 25. Rdf1 Rf8 26. Rf2 {Karademir,B (2142)-Efimov,L (2260) Denizli TUR 2025 ½-½}) ({RR} 11... a6 12. Kb1 b5 13. g4 b4 14. Ne2 e5 15. Qd2 Be6 16. Nc1 Rfd8 17. Bxf6 Bxf6 18. g5 Be7 19. Bh3 Bxh3 20. Rxh3 Rac8 21. Rh2 Qb5 22. Nb3 a5 23. Qd5 Qxd5 24. Rxd5 a4 25. Na5 Rd7 26. b3 {Spoelman,W (2169)-Mohandesi,S (2337) Vlissingen 2003 1-0 (79)}) 12. Kb1 Rfc8 13. g4 b5 14. Bd3 $146 ({RR} 14. Bd2 b4 15. Ne2 Rab8 16. g5 Nh5 17. Nc1 e5 18. Qf2 Be6 19. Nb3 Qc7 20. Rc1 a5 21. f4 a4 22. f5 axb3 23. cxb3 Qb7 24. fxe6 Qxe4+ 25. Ka1 Rxc1+ 26. Bxc1 Qxh1 27. Qxf7+ Kh8 28. Kb1 Qe4+ {Lauridsen,J (2225)-Finegold,B (2476) Chess.com INT 2020 0-1 (37)}) ({RR} 14. Bd2 b4 15. Ne2 Rab8 16. g5 Nh5 17. Nc1 e5 18. Qf2 Be6 19. Nb3 Qc7 20. Rc1 a5 21. f4 a4 22. f5 axb3 23. cxb3 Qb7 24. fxe6 Qxe4+ 25. Ka1 Rxc1+ 26. Bxc1 Qxh1 27. Qxf7+ Kh8 28. Kb1 Qe4+ {Lauridsen,J (2225)-Finegold,B (2476) Chess.com INT 2020 0-1 (37)}) 14... e5 15. Qf2 Rxc3 16. bxc3 Be6 17. Bxf6 Bxf6 18. Kb2 Rc8 19. Qe1 d5 20. exd5 e4 21. Qxe4 Bxc3+ 22. Kb1 Qa3 23. Qxh7+ Kf8 24. Qh8+ Ke7 25. d6+ Qxd6 0-1

[Event "Valle d'Aosta op 11th"]
[Site "Saint Vincent"]
[Date "2003.02.11"]
[Round "4"]
[White "Sedina, Elena"]
[Black "Carlsen, Magnus"]
[Result "1-0"]
[WhiteElo "2425"]
[BlackElo "2279"]
[PlyCount "93"]
[EventDate "2003.02.08"]
[EventType "swiss"]
[EventRounds "9"]
[EventCountry "ITA"]
[SourceTitle "CBM 092 Extra"]
[Source "ChessBase"]
[SourceDate "2003.03.07"]
[SourceVersion "1"]
[SourceVersionDate "2003.03.07"]
[SourceQuality "1"]

1. e4 e5 2. Nf3 Nc6 3. Nc3 Nf6 4. g3 Nxe4 5. Nxe4 d5 6. Nc3 d4 7. Bg2 dxc3 8. bxc3 Bd6 9. O-O O-O 10. Rb1 Rb8 11. d4 Bg4 12. h3 Bh5 13. g4 Bg6 14. dxe5 Nxe5 15. Nxe5 Bxe5 16. Qxd8 Rfxd8 17. f4 Bxc2 18. Rb2 Bd3 19. fxe5 Bxf1 20. Bxf1 b6 21. Kf2 $146 ({RR} 21. Bf4 Rd1 22. Kg2 Rbd8 23. Bc4 Re1 24. Rf2 Re4 25. Bb3 c5 26. Bg3 Rd7 27. Bc2 Re1 28. Bb3 Re7 29. Kf3 Ra1 {1-0 (28) Sedina,E (2358)-Ben Nasser,K (2270) Sousse 2007}) 21... Rd5 22. Bf4 Rbd8 23. Be2 h6 24. h4 Kf8 25. h5 Rc5 26. Rc2 Ra5 27. Ke3 Rc5 28. Ke4 Re8 29. Kf3 Re6 30. a4 c6 31. Bd3 Ra5 32. Bf5 Re7 33. Rd2 Rd5 34. Rd4 Re8 35. Be4 Rc5 36. c4 Kg8 37. Bf5 a6 38. Bd7 Ra8 39. e6 fxe6 40. Bd6 Ra5 41. Bxc6 Ra7 42. Bb4 Rg5 43. Rd8+ Kh7 44. Be4+ g6 45. hxg6+ Kg7 46. Bf8+ Kf6 47. Bxh6 1-0

[Event "Valle d'Aosta op 11th"]
[Site "Saint Vincent"]
[Date "2003.02.13"]
[Round "6"]
[White "Saldano Dayer, Horacio"]
[Black "Carlsen, Magnus"]
[Result "1/2-1/2"]
[WhiteElo "2442"]
[BlackElo "2279"]
[PlyCount "41"]
[EventDate "2003.02.08"]
[EventType "swiss"]
[EventRounds "9"]
[EventCountry "ITA"]
[SourceTitle "EXT 2023"]
[Source "ChessBase"]
[SourceDate "2022.10.05"]
[SourceVersion "1"]
[SourceVersionDate "2022.10.05"]
[SourceQuality "1"]

1. e4 Nf6 2. Nc3 e5 3. Nf3 Nc6 4. g3 Bb4 5. d3 d5 6. exd5 Nxd5 7. Bd2 Nd4 ({RR} 7... O-O 8. Bg2 Bxc3 9. bxc3 h6 10. O-O Re8 11. Re1 Nf6 12. Rb1 Rb8 13. Be3 b6 14. Nh4 Bb7 15. Bd2 Qd7 16. c4 Nd4 17. Bxb7 Rxb7 18. Bc3 c5 19. Bxd4 Qxd4 20. Nf5 Qd7 21. Qf3 Re6 22. Re2 {Martinez Alcantara,J (2612)-Hansen,E (2610) chess.com INT 2024 ½-½ (88)}) ({RR} 7... Bxc3 8. bxc3 O-O 9. Bg2 Bg4 10. O-O Qd7 11. Re1 Rae8 12. Rb1 b6 13. c4 Nf6 14. Bc3 e4 15. Bxf6 exf3 16. Rxe8 fxg2 17. Rxf8+ Kxf8 18. f3 Bh3 19. Bc3 Nd4 20. Kf2 c5 21. Qd2 h6 22. Re1 {Ahn,H (2304)-Bonin,J (2077) chess.com INT 2025 1-0 (41)}) 8. Bg2 Bg4 9. a3 $146 ({RR} 9. O-O O-O 10. a3 c6 11. axb4 Qf6 12. Ne4 Qxf3 13. Bxf3 Bxf3 14. Qe1 Ne2+ 15. Qxe2 Bxe2 16. Rfe1 Bf3 17. Nc5 f6 18. c4 b6 19. Na6 Ne7 20. Nc7 Rad8 21. Ne6 Rxd3 22. Rxa7 Re8 23. Be3 Kf7 {Gunnarsson,J (2357)-Thorfinnsson,B (2314) Seltjarnarnes 2002 0-1 (36)}) ({RR} 9. h3 Bxf3 10. Bxf3 c6 11. O-O Bxc3 12. bxc3 Nxf3+ 13. Qxf3 O-O 14. c4 Ne7 15. Bc3 Ng6 16. Rfe1 Qc7 17. h4 f6 18. a4 a5 19. Rab1 b6 20. Rb2 Rab8 21. Reb1 c5 22. Qd5+ Kh8 23. Qe6 Rfe8 {Nguyen Duy Dien,N-Vaicekauskas,G (1818) Vung Tau 2008 1-0 (44)}) 9... Bxc3 10. bxc3 Nxf3+ 11. Bxf3 Bxf3 12. Qxf3 b6 13. c4 Ne7 14. Bc3 f6 15. Qg4 O-O 16. Qe6+ Rf7 17. O-O Qd6 18. Qxd6 cxd6 19. f4 exf4 20. Rxf4 d5 21. a4 1/2-1/2

[Event "Valle d'Aosta op 11th"]
[Site "Saint Vincent"]
[Date "2003.02.14"]
[Round "7"]
[White "Carlsen, Magnus"]
[Black "Vassallo Barroche, Mauricio"]
[Result "1/2-1/2"]
[WhiteElo "2279"]
[BlackElo "2443"]
[PlyCount "27"]
[EventDate "2003.02.08"]
[EventType "swiss"]
[EventRounds "9"]
[EventCountry "ITA"]
[SourceTitle "CBM 092 Extra"]
[Source "ChessBase"]
[SourceDate "2003.03.07"]
[SourceVersion "1"]
[SourceVersionDate "2003.03.07"]
[SourceQuality "1"]

1. e4 g6 2. d4 Bg7 3. Nc3 c6 4. Be3 d6 5. Qd2 Nd7 6. f3 b5 7. O-O-O Bb7 ({RR} 7... Nb6 8. b3 Qc7 9. g4 b4 10. Nce2 a5 11. Kb1 Nf6 12. h4 h5 13. g5 Nfd7 14. f4 c5 15. Ng3 c4 16. f5 a4 17. Qxb4 Rb8 18. Qa3 O-O 19. b4 c3 20. Nf3 Bb7 21. Ka1 Rfc8 22. fxg6 {Skliarov,V (2387)-Jumabayev,R (2628) Chess.com INT 2022 0-1 (67)}) ({RR} 7... Nb6 8. g4 h5 9. g5 d5 10. exd5 Nxd5 11. Nxd5 Qxd5 12. Kb1 Be6 13. b3 a5 14. Bh3 Bxh3 15. Nxh3 e6 16. Nf4 Qd6 17. Nd3 Ne7 18. Bf4 Qxd4 19. Ne5 Qd5 20. Qxd5 Nxd5 21. Nd3 Nc3+ 22. Kc1 {Coelho,R (1981)-Krivenko,D (2216) chess.com INT 2024 0-1 (47)}) 8. h4 $146 ({RR} 8. Kb1 Nb6 9. Bd3 e6 10. h4 Qc7 11. h5 O-O-O 12. a3 e5 13. Qf2 exd4 14. Bxd4 Bxd4 15. Qxd4 Ne7 16. hxg6 Nxg6 17. Qf6 a6 18. Nh3 h6 19. Nf4 Kb8 20. Nxg6 fxg6 21. Bf1 d5 22. exd5 cxd5 {Bedoya Rosales,L (1970)-Padilla,H (2206) Lima 2013 0-1 (36)}) 8... h5 9. Nh3 Qc7 10. Ng5 Ngf6 11. f4 b4 12. Ne2 c5 13. e5 cxd4 14. Nxd4 1/2-1/2

[Event "NOR-ch U20 op 13th"]
[Site "Oslo"]
[Date "2003.04.15"]
[Round "4"]
[White "Nithander, Victor"]
[Black "Carlsen, Magnus"]
[Result "0-1"]
[WhiteElo "2246"]
[BlackElo "2315"]
[PlyCount "154"]
[EventDate "2003.04.??"]
[EventType "swiss"]
[EventRounds "9"]
[EventCountry "NOR"]
[SourceTitle "EXT 2005"]
[Source "ChessBase"]
[SourceDate "2004.11.15"]
[SourceVersion "1"]
[SourceVersionDate "2004.11.15"]
[SourceQuality "1"]

1. e4 {ChessBase II} c5 2. Nf3 e6 3. d4 cxd4 4. Nxd4 Nf6 5. Nc3 Bb4 6. Ndb5 ({RR} 6. e5 Nd5 7. Bd2 ({RR} 7. Qg4)) 6... O-O 7. a3 Bxc3+ 8. Nxc3 d5 9. e5 ({RR} 9. Bg5 d4 10. e5 dxc3 11. Qxd8 Rxd8 12. exf6 cxb2 13. Rb1 Rd5 14. h4 ({RR} 14. Bd2 gxf6 15. Bc3 Rc5 16. Bxf6 Rxc2 17. Bd3 Rc1+ 18. Kd2) 14... Re5+ 15. Kd2 gxf6 16. Bxf6 Rf5 17. Bxb2 Rxf2+ 18. Ke3 Rxc2 19. Bd3 Rxb2 20. Rxb2 Nd7 21. Rb5 Nf6 22. Rf1 Nd5+ 23. Kd4 b6 {Roos,L (2385)-Plachetka,J (2435) Bagneux 1982 EXT 2000 [ChessBase II] ½-½ (39)}) ({RR} 9. exd5) ({RR} 9. Bd3 d4 10. Ne2 e5 11. O-O Nfd7 12. b4 a5 13. Bd2 Nc6 14. Ng3 g6 15. Qc1 Nb6 16. b5 Nb8 17. f4 N8d7 18. f5 f6 19. Qe1 a4 20. Bb4 Rf7 21. c3 Nf8 22. c4 Rc7 23. c5 Nbd7 {Valenzuela Gomez,F (2312)-Guasch Figuerola,A (1991) Torredembarra ESP 2025 1-0}) 9... Nfd7 10. Qh5 $146 ({RR} 10. Bd3 Nxe5 11. Bxh7+ Kxh7 12. Qh5+ Kg8 13. Qxe5 Nc6 14. Qg3 Qf6 15. O-O Nd4 16. Bg5 Qg6 17. Qf4 Nc6 18. Qd2 Ne5 19. f4 Nc4 20. Qe2 f6 21. Bh4 Qf7 22. Ne4 Nxb2 23. Nxf6+ gxf6 24. Rf3 Rd8 {Richter,K-Elstner,R Berlin 1932 1-0 (39)}) ({RR} 10. Bd3 Nxe5 11. Bxh7+ Kxh7 12. Qh5+ Kg8 13. Qxe5 Nc6 14. Qg3 Qf6 15. O-O Nd4 16. Bg5 Qg6 17. Qf4 Nc6 18. Qd2 Ne5 19. f4 Nc4 20. Qe2 f6 21. Bh4 Qf7 22. Ne4 Nxb2 23. Nxf6+ gxf6) ({RR} 10. f4 f6 11. exf6 Nxf6 12. Bd3 Qb6 13. b4 Re8 14. Na4 Qc7 15. O-O Bd7 16. Nc5 Nc6 17. Bb2 Rf8 18. Nxd7 Qxd7 19. Qe2 Rfe8 20. b5 Nd8 21. c4 Rc8 22. Rad1 b6 23. Bxf6 gxf6 24. Qg4+ Qg7 {Rivera,G (1643)-Alarcon,R (2198) Lima 2015 0-1 (46)}) 10... Nc6 11. f4 f5 12. Bd3 Nc5 13. O-O Ne4 14. Nd1 Bd7 15. Be3 d4 16. Bf2 Ne7 17. Bh4 Bc6 18. Nf2 Nd2 19. Bxe7 Qxe7 20. Rfe1 Qc5 21. Qh3 Nc4 22. Bxc4 Qxc4 23. Qd3 Qd5 24. Qg3 Rac8 25. Rad1 Rfd8 26. Rd2 Qb5 27. c3 dxc3 28. Qxc3 Bd5 29. Qe3 Rc4 30. b3 Rc6 31. b4 Rdc8 32. Rdd1 Rc3 33. Rc1 Qc4 34. Nd3 Rc2 35. Rxc2 Qxc2 36. Re2 Qd1+ 37. Re1 Qb3 38. Nc5 Qxe3+ 39. Rxe3 b6 40. Nb3 Rc2 41. Rg3 Rc4 42. Nd2 Rxf4 43. Rc3 a5 44. b5 g5 45. Rc8+ Kg7 46. Rb8 g4 47. Rxb6 Rd4 48. Nf1 Rd3 49. g3 Rxa3 50. Kf2 Rf3+ 51. Ke1 a4 52. Nd2 Rc3 53. Ra6 a3 54. b6 Rc6 55. Rxa3 Rxb6 56. Re3 Kg6 57. Kf2 h5 58. Rc3 Rb2 59. Ke3 h4 60. Rc8 Ra2 61. Rg8+ Kf7 62. Rg5 Ra3+ 63. Kf2 hxg3+ 64. hxg3 Rd3 65. Nf1 Rf3+ 66. Ke1 Bc4 67. Nd2 Re3+ 68. Kd1 Bd3 69. Nb3 Rxg3 70. Nc5 Bc4 71. Nb7 Bd5 72. Nd6+ Kf8 73. Ke2 Rh3 74. Kf2 Rf3+ 75. Ke2 g3 76. Rg6 f4 77. Ke1 Re3+ 0-1

[Event "Gausdal Classics GM"]
[Site "Gausdal"]
[Date "2003.04.03"]
[Round "1"]
[White "Carlsen, Magnus"]
[Black "Daly, Colm"]
[Result "1-0"]
[WhiteElo "2315"]
[BlackElo "2353"]
[PlyCount "53"]
[EventDate "2003.04.03"]
[EventType "tourn"]
[EventRounds "11"]
[EventCountry "NOR"]
[EventCategory "8"]
[SourceTitle "CBM 093 Extra"]
[Source "ChessBase"]
[SourceDate "2003.05.09"]
[SourceVersion "1"]
[SourceVersionDate "2003.05.09"]
[SourceQuality "1"]

1. e4 c5 2. Nf3 e6 3. d4 cxd4 4. Nxd4 Nc6 5. Nc3 d6 6. Be3 Nf6 7. f4 Be7 8. Qf3 O-O 9. O-O-O Qc7 10. Nb3 a6 11. g4 b5 12. g5 Nd7 13. h4 $146 ({RR} 13. Bd3 Nb4 14. Kb1 Bb7 15. f5 Ne5 16. Qf4 Rfc8 17. a3 Nbxd3 18. cxd3 a5 19. Ka2 a4 20. Nd4 Nxd3 21. Rxd3 Qc4+ 22. Ka1 Qxd3 23. Rd1 Qc4 24. Ndxb5 e5 25. Qf3 Qb3 26. f6 Bf8 27. fxg7 Be7 {Martin Duque,J (2449)-Fernandez Lledo,J (2281) Veliko Gradiste 2021 0-1 (38)}) ({RR} 13. Bd3 Nb4 14. Kb1 Bb7 15. f5 Ne5 16. Qf4 Rfc8 17. a3 Nbxd3 18. cxd3 a5 19. Ka2 a4 20. Nd4 Nxd3 21. Rxd3 Qc4+ 22. Ka1 Qxd3 23. Rd1 Qc4 24. Ndxb5 e5 25. Qf3 Qb3 26. f6 Bf8 27. fxg7 Be7 {Martin Duque,J (2449)-Fernandez Lledo,J (2281) Veliko Gradiste 2021 0-1 (38)}) 13... Bb7 14. g6 Nb4 15. a3 Nc6 16. Bh3 hxg6 17. h5 g5 18. f5 Nce5 19. Qg3 g4 20. Bxg4 Nxg4 21. h6 g5 22. Qxg4 Ne5 23. Qh5 g4 24. Bd4 Bf6 25. Bxe5 Bxe5 26. Qxg4+ Kh8 27. Rdg1 1-0

[Event "Gausdal Classics GM"]
[Site "Gausdal"]
[Date "2003.04.04"]
[Round "2"]
[White "Carlsen, Magnus"]
[Black "Paehtz, Elisabeth"]
[Result "1-0"]
[WhiteElo "2315"]
[BlackElo "2384"]
[PlyCount "97"]
[EventDate "2003.04.03"]
[EventType "tourn"]
[EventRounds "11"]
[EventCountry "NOR"]
[EventCategory "8"]
[SourceTitle "CBM 093 Extra"]
[Source "ChessBase"]
[SourceDate "2003.05.09"]
[SourceVersion "1"]
[SourceVersionDate "2003.05.09"]
[SourceQuality "1"]

1. e4 c5 2. Nf3 Nc6 3. d4 cxd4 4. Nxd4 e5 5. Nb5 d6 6. N1c3 a6 7. Na3 b5 8. Nd5 Nf6 9. Nxf6+ Qxf6 10. c4 b4 11. Nc2 Qg6 12. Qd5 ({RR} 12. Qf3 Be7 13. Bd3 O-O 14. O-O a5 15. Be3 Rb8 16. b3 h5 17. h3 Be6 18. Kh1 Bg5 19. Rad1 a4 20. Be2 Bxe3 21. Qxe3 Rfd8 22. Bf3 h4 23. Rd2 Qf6 24. Rfd1 Qe7 25. Qe2 axb3 26. axb3 Ra8 {Baches Garcia,G (2318)-Buksa,N (2400) chess.com INT 2025 0-1 (60)}) 12... Bb7 13. Nxb4 Nd8 14. Qd1 $146 ({RR} 14. Qd3 Bxe4 15. Qg3 Qxg3 16. hxg3 Nc6 17. Bd2 Nxb4 18. Bxb4 a5 19. Bc3 a4 20. O-O-O Be7 21. f3 Bc6 22. Bd3 h6 23. Rhe1 O-O-O 24. Be4 Bxe4 25. Rxe4 f5 26. Re2 Bf6 27. Kc2 Kb7 28. Rd5 Kc6 {Hajnal,Z (2407)-Zambor,N (2333) Fuzesabony 2004 1-0 (52)}) 14... Qxe4+ 15. Be3 Be7 16. Nd5 Bh4 17. Qd3 Qxd3 18. Bxd3 Ne6 19. O-O Rc8 20. b4 e4 21. Be2 Bf6 22. Nxf6+ gxf6 23. Rac1 f5 24. f4 exf3 25. Bxf3 Be4 26. Bxe4 fxe4 27. Rf5 Rf8 28. a4 Ke7 29. b5 axb5 30. axb5 Ng7 31. Rd5 Ne6 32. Rf5 Ng7 33. Rf2 Ne6 34. b6 f5 35. g3 Kd7 36. Rb2 Rb8 37. b7 Nd8 38. Rcb1 Nc6 39. Bf4 Rfe8 40. c5 Ne5 41. Rc2 dxc5 42. Rxc5 Nd3 43. Bxb8 Nxc5 44. Bf4 Na6 45. b8=Q Nxb8 46. Rxb8 Rxb8 47. Bxb8 Ke6 48. Kf2 Kf6 49. h4 1-0

[Event "Gausdal Classics GM"]
[Site "Gausdal"]
[Date "2003.04.05"]
[Round "3"]
[White "Westerinen, Heikki MJ"]
[Black "Carlsen, Magnus"]
[Result "1/2-1/2"]
[WhiteElo "2360"]
[BlackElo "2315"]
[PlyCount "90"]
[EventDate "2003.04.03"]
[EventType "tourn"]
[EventRounds "11"]
[EventCountry "NOR"]
[EventCategory "8"]
[SourceTitle "CBM 093 Extra"]
[Source "ChessBase"]
[SourceDate "2003.05.09"]
[SourceVersion "1"]
[SourceVersionDate "2003.05.09"]
[SourceQuality "1"]

1. e4 c5 2. Nf3 Nc6 3. Bb5 e6 4. O-O Nge7 5. c3 a6 6. Ba4 d5 7. exd5 Nxd5 8. d4 ({RR} 8. Bxc6+ bxc6 9. d3 Be7 10. Na3 O-O 11. Nc4 f6 12. Re1 e5 13. d4 exd4 14. cxd4 a5 15. b3 Ba6 16. Ba3 Bxc4 17. bxc4 Nb4 18. Qe2 Re8 19. Qe6+ Kh8 20. Bxb4 axb4 21. dxc5 Qc8 22. Qxc8 Raxc8 {Xiong,J (2709)-Maghsoodloo,P (2698) Chess.com INT 2021 ½-½ (55)}) ({RR} 8. Bxc6+ bxc6 9. Na3 Bd6 10. Nc4 Bc7 11. d3 O-O 12. Re1 f6 13. Nfd2 Nf4 14. Ne4 Nxd3 15. Re3 Nxc1 16. Rxc1 Bf4 17. Rd3 Qe7 18. Rc2 e5 19. Ncd6 f5 20. Nxc8 Raxc8 21. Rd7 Bxh2+ 22. Kf1 Qh4 {Tregubov,P (2551)-Alavkin,A (2367) chess.com INT 2025 1-0 (32)}) 8... Bd7 9. Re1 $146 ({RR} 9. Be3 b5 10. Bc2 c4 11. Nbd2 Be7 12. Re1 O-O 13. Ne5 Nxe5 14. dxe5 Bc6 15. Qh5 f5 16. Nf3 Be8 17. Qh3 Bg6 18. Nd4 Qc8 19. Rad1 Nxe3 20. Qxe3 Bh5 21. Rd2 Rd8 22. Bd1 Be8 23. Bf3 Rb8 {Begna,B (1932)-Tenschert,H (1716) Nordrheinwestfalen 2013 ½-½ (48)}) 9... Be7 10. dxc5 O-O 11. c4 Nf6 12. Nc3 Bxc5 13. Be3 Bxe3 14. Rxe3 Qc7 15. Ne4 Nxe4 16. Rxe4 Rad8 17. Qe1 e5 18. Re3 f6 19. h3 Be6 20. Bxc6 Qxc6 21. b3 Rd7 22. Rd1 Rfd8 23. Rxd7 Rxd7 24. Qc3 Bf5 25. Nh4 Be4 26. Qe1 Rd4 27. Qe2 b5 28. cxb5 axb5 29. Nf3 Bxf3 30. Qxf3 Qxf3 31. gxf3 b4 32. Re2 Kf7 33. Rc2 g5 34. Kg2 Kg6 35. Rc6 Kf5 36. Rb6 h5 37. Kg3 g4 38. hxg4+ hxg4 39. fxg4+ Rxg4+ 40. Kf3 Rh4 41. Kg3 Rd4 42. Kf3 Rd2 43. Rxb4 Rxa2 44. Ke3 Rc2 45. f4 Rc3+ 1/2-1/2